000 00325 a2200133 4500
003 Nust
005 20170207170509.0
040 _cNust
082 _a799
245 _aSeminar,JSC-52,Photographs-2015
_cMCS
260 _aRawalpindi
_bMCS
_c09-02-2015
650 _aPictures of Seminar,JSC-52,Photographs-2015
651 _aSweet Memories-MCS
942 _cBK
999 _c215188
_d215188